01026cam a22002655a 4500001000800000005001700008008004100025020001500066040003300081082002100114245006600135250001200201260005200213300004500265504005300310650003300363651001000396653001800406710003100424856008900455856009000544942000800634999001700642952010100659392440420201124142745.0921019s1993 dcua frb 001 0 eng d a0841225052 aDLCcDLCdDLCdEG-ScBUEbeng04a620.192222bPHY00aPhysical properties of polymers /cJames E. Mark ... [et al.] a2nd ed. aWashington :bAmerican Chemical Society,c1993. axi, 409 p. :bill. (some col.) ;c27 cm. aIncludes bibliographical references and indexes. 7aPolymersxProperties.2BUEsh 2BUEsh bGGENcMay20182 aAmerican Chemical Society.423Publisher descriptionuhttp://www.loc.gov/catdir/enhancements/fy0635/92035330-d.html413Table of contents onlyuhttp://www.loc.gov/catdir/enhancements/fy0635/92035330-t.html 2ddc c26718d26690 00102ddc4070aMAINbMAINc1STd2018-05-14l0o620.192 PHYp000047771r2025-07-15 00:00:00yBB